One Piece quiz ultime 6 - Arc Loguetown - Statistiques

Statistiques générales
  • Ce quiz a été pris 23 fois
    4 depuis la dernière actualisation
  • Le résultat moyen est 21 sur 46
Statistiques - réponses
Question Réponse % Correct
Quel est le montant de la prime de Luffy ? 30.000.000
100%
Qui est l'homme mystérieux qui a sauvé Luffy ? Dragon
100%
Quel fruit Alvida a-t-elle mangée ? Fruit Glisse-Glisse / Sube Sube no Mi
100%
Quel pirate très connu est-il né à Loguetown ? Gold Roger
100%
Qu'a fait Luffy juste avant de se faire couper la tête par Baggy ? Il a souri
100%
"La passion et les rêves sont comme le temps, rien ne peut les arrêter, et il en sera ainsi tant qu'il y aura des hommes prêts à donner un sens au mot ..." Liberté
100%
Qu'est-ce que la petite fille a écrasée par accident sur le pantalon de Smoker ? Sa glace
100%
À quelle personne ressemble Tashigi comme deux goutes d'eaux ? Shimotsuki Kuina
100%
Qui apparait de dos sur l'avis de recherche de Luffy ? Usopp
100%
Depuis combien de temps est mort Gold Roger ? 22 ans
75%
Quel fruit Smoker a-t-il mangé ? Fruit Fumigène / Moku Moku no Mi
75%
Qu'est-ce qui a sauvé la vie de Luffy ? La foudre
75%
Quel est le surnom de Smoker ? Le chasseur blanc
75%
Quel est le nom du sabre maudit de la boutique ? Sandai Kitetsu / Troisième Kitetsu
75%
Qu'est-ce que Sanji a acheté à la poissonnerie ? Un thon-éléphant
75%
Quel objet ont brisés l'équipage pour leur baptême de Grand Line ? Un tonneau
75%
Quel est le nom du sabre de Zoro ? Wado Ichimonji
75%
Quel sabre l'armurier donne-t-il à Zoro en plus du sabre maudit ? Yubashiri
75%
Combien d'argent Nami a-t-elle prêtée à Zoro ? 100.000
50%
Quel est le nom du commandant présentant les nouvelles primes ? Brannew / Brandnew
50%
Quelle était la mission de Morge ? Brûler le Vogue Merry
50%
Comment s'appelle le patron de l'armurerie ? Ipponmatsu
50%
Qu'est-ce que Luffy voulait voir dans la ville dès son arrivée ? L'échafaud
50%
Quel est le nom des oiseaux livrant le journal ? News Coo / Martin Facteur
50%
Quelle arme utilise Smoker ? Une jitte
50%
Comment s'appelle la moto de Smoker ? Billower Bike
25%
Quel est le rêve d'Usopp ? Devenir un vaillant guerrier des mers
25%
Quel est le surnom de Loguetown ? La ville où tout commence et tout se termine
25%
Comment s'appelle le sergent sous les ordres de Smoker et Tashigi ? Mashikaku
25%
Quel est le nom de la catégorie intermédiaire de sabre de renom ? Owazamono / 21 grands sabres
25%
Quel est le nom de la moins bonne catégorie de sabre de renom ? Ryowazamono / 50 sabres de qualité supérieure
25%
Quel est le nom du sabre de Tashigi Shigure
25%
Dans quel magasin Nami a-t-elle achetée ses vêtements ? Antique House
0%
Sur quel archipel se trouve Loguetown ? Archipel Polestar
0%
Quel est le nom de l'armurerie ? Arms Shop
0%
Avec quoi Usopp a-t-il distrait Richie ? Avec un œuf
0%
Quel est le nom de l'équipage des deux pirates attaquant Tashigi ? Équipage des Pirates Yes
0%
Qui est le premier géant que l'on voit dans l'histoire ? John Giant
0%
Comment s'appelle l'arme de Smoker ? Nanashaku Jitte
0%
Quel est le rêve de Tashigi ? Rassembler tous les sabres d'exception détenue par les bandits
0%
Dans quelle boutique Nami essaye des vêtements sans rien acheter ? Robecca Hanberg
0%
Quel est le nom de la meilleure catégorie de sabre de renom ? Saijo Owazamono / 12 meilleurs sabres
0%
Comment s'appelle la poissonnerie ? The Fisherman King Uotome
0%
Quelle construction détruite par Baggy est projetée sur Alvida ? Une fontaine
0%
Où a encore eu lieu un coût d'état selon le journal que lit Nami ? Vira / Vila
0%
Quel sabre Tashigi a-t-elle récupéré des mains du capitaine des deux pirates qui l'ont attaqué ? Yamaoroshi
0%
Aucun quiz correspondant
Distribution des résultats
% des personnes avec chaque résultat
Percentile par nombre de réponses
Votre historique - résultats
Vous n’avez pas pris ce quiz depuis la dernière actualisation